[Event "27th CRO-chT 1A-Men 2018"]
[Site "Biograd"]
[Date "2018.09.14"]
[Round "7.1"]
[White "Abasov, Nijat"]
[Black "Ponkratov, Pavel"]
[Result "1/2-1/2"]
[WhiteElo "2632"]
[BlackElo "2622"]
[Annotator "TA"]
[PlyCount "174"]
[EventDate "2018.09.08"]
[EventType "team-tourn"]
[EventCountry "CRO"]
[SourceTitle "playchess.com"]
[Source "ChessBase"]
[SourceQuality "1"]

{[%evp 12,174,0,-15,10,-1,24,11,11,8,17,9,32,-2,-8,-16,-17,-11,20,23,31,0,0,0,-8,-6,-7,-12,-6,-14,0,0,0,0,0,-12,-8,0,29,25,69,0,10,0,0,0,0,0,0,-55,-54,-46,-31,-47,-43,-179,-181,-162,-122,-341,-338,-307,-222,-227,-233,-386,-379,-370,-211,-201,-145,-145,-145,-147,-148,-148,-148,-170,-176,-176,-156,-184,-148,-148,-148,-148,-141,-154,-155,-156,-136,-149,-148,-162,-156,-158,-161,-165,-162,-194,-204,-205,-197,-198,-202,-210,-199,-181,-173,-171,-155,-164,-162,-159,-156,-148,-147,-156,-148,-156,-151,-155,-143,-152,-128,-181,-144,-179,-169,-197,-187,-207,-201,-200,-200,-200,-200,-200,-200,-200,0,-200,-98,-98,-27,-31,-10,-62,-10,-13,0,-8,0,-8,-6,-8,0,-8,-10,-17,-8,-8,-8,-8,-8]} 1. d4 Nf6 2. Nf3 g6 3. c4 Bg7 4. Nc3 d5 5. e3 O-O 6. Bd2 e6 7. Be2 {LiveBook: 4 Games. D94: Grünfeld: 4 Nf3 Bg7 5 e3} (7. Rc1 b6 8. cxd5 exd5 9. b4 c6 10. Be2 Bb7 11. O-O Nbd7 12. Qb3 Qe7 13. Rfd1 Rfd8 14. a4 Rab8 15. Be1 Ba8 {½-½ (39) Bu,X (2718)-Li,C (2725) Ningbo 2018}) 7... b6 8. O-O c5 9. cxd5 {White has an edge.} exd5 10. Rc1 Nbd7 11. dxc5 $146 ({Predecessor:} 11. Qc2 Bb7 12. Bd3 Rc8 13. Qb1 Re8 14. Nb5 Ne4 15. Nxa7 Ra8 16. Nb5 g5 {1-0 (50) Tapia,A-Flores Alvarez,R Vina del Mar 1945}) 11... bxc5 12. Qa4 Bb7 13. Rfd1 Re8 14. Be1 Re6 15. b4 d4 {Strongly threatening ...Qe7.} 16. exd4 (16. bxc5 $5 {[%cal Rf3d4]} dxc3 17. Nd4 $11) 16... Nb6 17. Qb5 cxb4 18. d5 Nfxd5 19. Nxd5 Bxd5 20. Bxb4 a6 21. Qd3 Qe8 22. Bf1 Bxa2 23. Bc5 Bh6 24. Nd4 Rf6 25. Rc2 Nd7 26. Ba3 ({White should play} 26. Qh3 $14 Bf4 27. Re2) 26... Bd5 $11 27. Re2 Qc8 $1 28. Qh3 Bf8 29. Rc2 Qb7 30. Bb2 (30. Bxf8 $11 Rxf8 31. Rcc1) 30... Rb6 $15 31. Ba1 Nf6 32. Rdc1 Rb1 33. Nf5 ({Only move:} 33. Ne2 $1 $15 Rxc1 34. Rxc1) 33... Rxa1 $1 $19 34. Rxa1 Be4 $36 {[%mdl 2048] White is under strong pressure.} 35. Nh6+ $2 (35. Nd4 $17) 35... Bxh6 $1 36. Rca2 Bg7 37. Rxa6 Re8 38. Re1 $2 (38. Ra7 {was called for.} Qd5 39. Re1) 38... h5 39. Qa3 Rd8 (39... Ng4 $142 40. h3 Nxf2 $1 {[%mdl 512]}) 40. Ra7 Qb6 41. Qe7 {[#]} Rf8 $1 42. Ra6 Qb7 43. Qxb7 Bxb7 44. Rb6 Bd5 45. Rd1 Be6 46. Rbd6 Kh7 47. Rd8 Rxd8 48. Rxd8 Ne4 49. Bd3 Bf6 50. Ra8 Nc5 51. Bc2 Kg7 52. Ra5 Bd4 53. Ra8 Kf6 54. Rd8 Ke5 55. Kf1 {White wants to play f4+!} Bc4+ 56. Ke1 {Threatens to win with f4+!} Ne6 57. Rc8 Ba6 58. Ra8 Bb7 59. Ra5+ Kf6 {aiming for ...Bc3+.} 60. Kf1 Bb6 61. Ra3 Bc5 62. Ra5 Bd5 63. Bb1 Bc6 64. Kg1 Bd4 65. Ba2 Nc5 66. Ra7 Bd7 67. Bc4 g5 68. h3 (68. g3 $17) 68... Kg6 69. Kf1 f5 70. Ke2 Kf6 71. Ra8 Ke7 72. Rg8 Ne4 73. f3 Nd6 74. Bd3 Bf6 75. Ra8 Bd4 $2 (75... h4 $19 {...Be5 is the strong threat.} 76. Bc2 Be5) 76. Ra5 $2 (76. Rg8 $1 $11 {and White is okay.}) 76... Ke6 (76... h4 $19 {is more deadly.} 77. Ra6 Bc8) 77. g4 $17 Kf6 (77... hxg4 $17 78. hxg4 Be5 79. gxf5+ Nxf5 80. Bc4+ Kf6 81. Ra6+ Nd6) 78. gxh5 $11 Be6 79. Ra4 (79. Ra6 $11 Be5 80. Ra7) 79... Be5 (79... Bb6 $1 $15) 80. Ra7 {The position is equal.} Nf7 81. Kf1 Bd6 82. Kg2 Bf8 83. Ra8 Kg7 84. Ra6 Nd6 {White should prevent ...Kh6.} 85. Ra8 Bc8 86. h6+ Kxh6 {Hoping for ...Kg7.} 87. Bxf5 Nxf5 {Precision: White = 50%, Black = 58%.} 1/2-1/2

[Event "27th CRO-chT 1A-Men 2018"]
[Site "Biograd"]
[Date "2018.09.14"]
[Round "7.2"]
[White "Predke, Alexandr"]
[Black "Bogut, Zeljko"]
[Result "1/2-1/2"]
[WhiteElo "2612"]
[BlackElo "2415"]
[Annotator "TA"]
[PlyCount "148"]
[EventDate "2018.09.08"]
[EventType "team-tourn"]
[EventCountry "CRO"]
[SourceTitle "playchess.com"]
[Source "ChessBase"]
[SourceQuality "1"]

{[%evp 24,148,21,2,4,-15,-14,-22,-17,-16,0,0,0,-20,-27,-236,-225,-237,-237,-226,-225,-226,-225,-246,-244,-246,-241,-232,-187,-302,-171,-175,-186,-185,-177,-189,-183,-179,-158,-170,-163,-195,-137,-145,-142,-135,-108,-159,-160,-160,-160,-169,-169,-157,-152,-135,-126,-189,-189,-189,-189,-190,-189,-189,-189,-189,-189,-189,-189,-189,-189,-189,-189,-189,-189,-189,-189,-189,-189,-189,-189,-189,-189,-189,-189,-189,-189,-189,-189,-189,-189,-189,-189,-189,-189,-189,-189,-189,-189,-189,-189,-189,-189,-189,0,-189,0,-189,0,-189,-189,-189,-189,-189,-189,-189,-189,-189,-189,-189,0,-189,-189,-189,0,-189,0]} 1. Nf3 Nf6 2. g3 d5 3. Bg2 g6 4. d4 Bg7 5. c4 c6 6. cxd5 cxd5 7. Nc3 Nc6 8. Ne5 O-O 9. Nxc6 bxc6 10. O-O e6 11. Na4 Nd7 12. Bf4 Ba6 13. Re1 {LiveBook: 3 Games. D79: Fianchetto Grünfeld: Symmetrical Variation (6 0-0 c6 7 cxd5 cxd5)} (13. Rc1 Rc8 {½-½ (13) Chatalbashev,B (2561)-Enchev,I (2492) Wunsiedel 2018}) 13... Bb5 14. Bd6 $146 ({Predecessor:} 14. Nc3 Qb6 15. Nxb5 Qxb5 16. Rb1 Qc4 17. Qc1 Qxc1 18. Rexc1 Bxd4 19. Rxc6 Ne5 20. Bxe5 Bxe5 {½-½ (64) Domanski,M (2076)-Meiser,M (2187) Germany 2008}) 14... Bxa4 15. Qxa4 {The position is equal.} Nb6 16. Qb4 a5 17. Qc5 Re8 18. Bf4 Nc4 {Threatens to win with ...Qd7.} 19. b3 $2 (19. Rac1 $11 {and White is okay.}) 19... Ra6 $1 $19 20. bxc4 Bf8 $1 21. Qxf8+ Rxf8 22. c5 a4 23. a3 Qa5 24. e3 Ra7 25. Reb1 f6 26. Bd6 (26. Bb8 {might work better.}) 26... Rd8 (26... Rff7 $142 {White must now prevent ...Rab7.} 27. Bh3 Rfb7) 27. Rb4 {[#]} Rxd6 $1 28. cxd6 Qd8 29. Rc1 Qxd6 30. Rc5 Qc7 31. Bf1 {[#]} Qd7 $1 32. Rb6 Rc7 ({Black should try} 32... e5 $19 33. dxe5 fxe5 34. Rcxc6 Qe7) 33. Ra6 $17 e5 34. Rxa4 exd4 35. exd4 (35. Rxd4 $142 Qd6 36. Rc2) 35... Qg4 36. Rc1 Kg7 37. Ra6 Qxd4 {...c5 is the strong threat.} 38. Raxc6 Rxc6 39. Rxc6 $19 {[%mdl 4096] Endgame KQ-KRB} Qa4 40. Rc7+ (40. Ra6 $17 Qd1 41. Ra7+ Kh6 42. a4) 40... Kh6 41. Rc3 d4 42. Rf3 f5 43. h4 Kg7 44. Rd3 Kf6 45. Be2 Ke5 46. f4+ Ke4 47. Kf2 Qc2 48. Ke1 Qc1+ 49. Kf2 Qc5 50. Ke1 Qb6 51. Kd2 {[%csl Gd3][%cal Re2f3]} Qa5+ 52. Kd1 Kd5 53. Bf3+ Kc5 54. Be2 Qa8 55. Rf3 Qe4 56. Kd2 Qb1 57. Rd3 Qa1 58. Rf3 h5 59. Rd3 Qb1 60. Rf3 Qb2+ 61. Kd1 Kd5 62. Rd3 Ke4 63. Rf3 Kd5 64. Rd3 $1 Kc5 65. Rf3 $1 Qb1+ 66. Kd2 Qg1 67. Bd1 Qg2+ 68. Be2 Qh2 69. Ke1 Qg1+ 70. Kd2 Kd5 71. Rb3 Kc5 $2 (71... Kc6 $19 {Hoping for ...Kd7.} 72. a4 Kc7) 72. Rb5+ $2 (72. Rf3 $1 $11) 72... Kc6 73. Rb3 Kc5 74. Rb5+ {[#]} Kc6 $2 {Precision: White = 72%, Black = 66%.} ({Better is} 74... Kd6 $1 $19 75. Rb3 Kd7 76. Bb5+ Kd8) 1/2-1/2

[Event "27th CRO-chT 1A-Men 2018"]
[Site "Biograd"]
[Date "2018.09.14"]
[Round "7.3"]
[White "Galic, Ivan"]
[Black "Martinovic, Sasa"]
[Result "1/2-1/2"]
[WhiteElo "2416"]
[BlackElo "2567"]
[Annotator "TA"]
[PlyCount "119"]
[EventDate "2018.09.08"]
[EventType "team-tourn"]
[EventCountry "CRO"]
[SourceTitle "playchess.com"]
[Source "ChessBase"]
[SourceQuality "1"]

{[%evp 21,119,6,-1,-7,-4,-10,-8,-9,28,20,52,44,41,40,78,71,90,93,115,118,179,177,173,167,173,175,177,174,172,157,255,141,118,86,86,76,93,81,85,85,84,82,87,89,88,86,86,86,108,84,81,79,79,83,82,79,85,84,106,92,89,74,99,81,106,86,92,75,101,92,92,81,92,92,108,82,81,78,81,81,79,69,75,68,78,72,72,72,78,70,68,70,65,39,39,39,39,8,8,1]} 1. c4 e6 2. Nc3 d5 3. d4 Nf6 4. cxd5 exd5 5. Bg5 c6 6. Qc2 Be6 7. e3 {D36: Queen's Gambit Declined: Exchange Variation: Main line (5 Bg5 c6 6 Qc2)} Nbd7 8. Bd3 h6 9. Bh4 g5 10. Bg3 Nh5 11. Nge2 {[%cal Bg1e2,Be2g3,Bg3f5][%mdl 32]} Nxg3 {LiveBook: 24 Games} 12. Nxg3 h5 13. O-O-O h4 14. Nf5 {[#]} g4 $146 15. h3 gxh3 16. Rxh3 (16. gxh3 Qf6 $17) 16... Qf6 17. Rdh1 {[%cal Rh3h4]} Rg8 18. Rf3 Qg5 19. g3 {[%cal Bg2g3,Bg3g4,Bg4g5][%mdl 32]} h3 20. g4 $1 Rh8 (20... O-O-O $16 {was called for.}) 21. Rg3 $1 $18 (21. Rfxh3 Rxh3 22. Rxh3 Qxg4 $11) 21... O-O-O 22. f4 $1 {[%cal Rf4g5]} (22. Rgxh3 Rxh3 23. Rxh3 Qxg4 $11) 22... Qg8 23. g5 ({Worse is} 23. Rgxh3 Rxh3 24. Rxh3 Qxg4 $11) 23... Kb8 24. Rgxh3 ({Resist} 24. Rhxh3 $6 Nb6 $16) 24... Rxh3 25. Rxh3 f6 (25... Bxf5 $16 {might work better.} 26. Bxf5 Nb6) 26. Rg3 (26. Qh2 $18 {Strongly threatening Nh6.} Nb6 27. Rh7 (27. gxf6 Qf7 $16) 27... Bxf5 28. Bxf5) 26... fxg5 $16 27. Rxg5 Qh8 28. Qg2 Nf6 29. Kb1 Rd7 30. Rg6 Bf7 31. Rg3 $1 Be6 {[#]} 32. Rh3 $1 {[%cal Rh3h8]} Rh7 33. Rxh7 Qxh7 {[#]} 34. Qg5 $1 {[%cal Rg5f6]} Be7 35. Kc2 (35. Nxe7 {looks sharper.} Qxd3+ 36. Ka1 Ng4 37. a3 Kc7 38. f5) 35... Bxf5 36. Qxf5 Qxf5 37. Bxf5 {[%mdl 4096] Endgame KBN-KBN} Kc7 38. Ne2 b6 39. Kd3 c5 40. b3 Kc6 41. Bh3 Bf8 42. Bg2 Be7 43. Bf3 Bf8 44. Nc3 Bd6 45. dxc5 Bxc5 46. Ne2 a6 47. Nd4+ Kd6 48. Ke2 Ba3 49. Nc2 Bc1 50. Nb4 a5 51. Nd3 Ba3 52. Bg2 Ke6 53. Bh3+ Kd6 54. Bf5 Ng8 55. Kf3 Ne7 56. Bh7 Nc6 57. e4 dxe4+ 58. Bxe4 Nb4 59. Ne5 {aiming for Nc4+.} b5 60. Bd3 {Precision: White = 52%, Black = 54%.} 1/2-1/2

[Event "27th CRO-chT 1A-Men 2018"]
[Site "Biograd"]
[Date "2018.09.14"]
[Round "7.4"]
[White "Cvitan, Ognjen"]
[Black "Bender, Ivan"]
[Result "1-0"]
[WhiteElo "2489"]
[BlackElo "2261"]
[Annotator "TA"]
[PlyCount "79"]
[EventDate "2018.09.08"]
[EventType "team-tourn"]
[EventCountry "CRO"]
[SourceTitle "playchess.com"]
[Source "ChessBase"]
[SourceQuality "1"]

{[%evp 16,79,12,7,42,24,28,29,23,51,65,36,64,34,61,45,54,47,50,47,45,42,115,125,153,135,172,173,219,206,202,211,221,220,257,257,257,251,251,243,372,363,479,495,486,481,533,520,524,519,518,492,557,557,551,533,800,805,982,945,986,959,1133,1133,1835,1755]} 1. Nf3 Nf6 2. c4 g6 3. Nc3 d5 4. cxd5 Nxd5 5. g3 Bg7 6. Bg2 O-O 7. O-O e5 8. d3 {A16: Englische Eröffnung} Nxc3 (8... Ne7 9. Rb1 Nbc6 10. b4 h6 11. b5 Nd4 12. Nd2 a6 13. a4 axb5 14. axb5 Ra7 15. e3 Ne6 16. Nc4 b6 17. Ba3 f5 18. Qb3 Kh7 {1-0 (30) Pantsulaia,L (2607)-Paragua,M (2492) Subic Bay 2016}) 9. bxc3 {LiveBook: 3 Partien} e4 10. dxe4 {Weiß steht etwas besser.} Bxc3 11. Rb1 {Schwarz muss nun Db3 beachten.} Qxd1 12. Rxd1 Na6 13. Bf4 Re8 $146 ({Vorgänger:} 13... Ba5 14. e5 Bb6 15. Bh6 Re8 16. Ng5 {½-½ (51) Khelaia,G (2080)-Halili,S Plovdiv 2012}) 14. e5 Rb8 15. Nd4 Bxd4 16. Rxd4 Nc5 17. Rc4 $36 {[%mdl 2048] Schwarz steht unter Druck.} Ne6 $1 18. Ra4 Rd8 (18... Nxf4 $14 19. gxf4 f6) 19. Be3 $16 b5 20. Bxa7 {[#] Droht Ta5 und aus.} bxa4 21. Rxb8 Ba6 22. Rxd8+ Nxd8 $18 {[%mdl 4096] Endspiel KLL-KLS} 23. Kf1 Bc4 24. a3 Ne6 25. Bc6 Bb3 26. Ke1 Nd8 27. Bd7 c6 (27... Ne6 $142 28. Bb5 Kg7) 28. Kd2 Be6 29. Bxe6 {Weiß steht klar auf Gewinn.} Nxe6 {KL-KS} 30. Kc3 Kf8 31. Kb4 Ke7 32. Kxa4 Kd7 33. Kb4 Kc7 34. f4 Kb7 35. Bc5 Kc7 36. e4 Kd7 37. Be3 Kc7 38. a4 {[%cal Ba3a4,Ba4a5][%mdl 32]} Kd7 39. a5 Nc7 40. Kc5 {Precision: Weiß = 84%, Schwarz = 19%.} 1-0

[Event "27th CRO-chT 1A-Men 2018"]
[Site "Biograd"]
[Date "2018.09.14"]
[Round "7.5"]
[White "Brnas, Augustin"]
[Black "Kurajica, Bojan"]
[Result "0-1"]
[WhiteElo "2190"]
[BlackElo "2526"]
[Annotator "TA"]
[PlyCount "84"]
[EventDate "2018.09.08"]
[EventType "team-tourn"]
[EventCountry "CRO"]
[SourceTitle "playchess.com"]
[Source "ChessBase"]
[SourceQuality "1"]

{[%evp 15,84,27,36,25,57,58,49,49,81,71,91,34,41,33,34,36,39,27,71,24,53,20,75,55,47,0,0,0,0,0,0,0,0,0,0,0,0,0,37,0,0,0,-20,-13,0,0,0,0,0,0,0,-9,0,0,0,-70,-9,-10,0,-49,-40,-88,-82,-92,-62,-773,-743,-1028,-1025,-1020,-1013]} 1. e4 c5 2. Nf3 Nc6 3. d4 cxd4 4. Nxd4 Qc7 5. Nc3 e6 6. Be3 a6 7. Be2 Nf6 8. O-O Be7 9. f4 {Black should prevent e5. B49: Sicilian: Taimanov: 5 Nc3 Qc7 6 Be3 a6 7 Be2} O-O (9... d6 10. Qe1 O-O 11. Qg3 Nxd4 12. Bxd4 b5 13. a3 Bb7 14. Rae1 Rad8 15. Bd3 Qd7 16. Nd1 Nh5 17. Qg4 Nf6 18. Qh3 e5 19. fxe5 Qxh3 20. gxh3 dxe5 21. Bxe5 Nd7 22. Bc7 {0-1 (60) Vachier Lagrave,M (2795)-Grischuk,A (2750) chess.com INT 2017}) 10. e5 Ne8 11. Ne4 {White is slightly better.} f6 $146 ({Predecessor:} 11... Nxd4 12. Bxd4 f5 13. Ng3 Bc5 14. c3 d6 15. Bxc5 dxc5 16. Qc2 b6 {0-1 (31) Zhu,M (1220)-Zhu,K (1660) Waitakere 2012}) 12. Nxc6 bxc6 13. Bd4 (13. Qd4 $16) 13... c5 $14 14. Bc3 Bb7 15. Bf3 Bc6 16. Qd2 fxe5 17. fxe5 Qb7 18. Rae1 Rb8 (18... Bd5 $11 {remains equal.}) 19. Qe3 c4 20. Nd2 Nc7 21. Nxc4 Bxf3 22. Rxf3 Nd5 23. Qd3 Rxf3 24. gxf3 Nxc3 25. bxc3 Qc6 26. Kg2 Bc5 27. Rd1 Rf8 28. Na5 Qc7 29. Nc4 Ba7 30. Nd6 h6 31. Qxa6 Qxc3 {[%csl Gf8][%cal Rc3f3]} 32. Qe2 Qc6 33. c4 Rf4 34. Kg3 Rf8 35. Qe4 ({Better is} 35. Ne4 $11) 35... Qc5 (35... Qa4 $1 $15 36. Qe2 Be3) 36. Qe2 $11 Bb6 37. Nb7 Qe7 {[%mdl 1024] ( -> ...Qg5+). Black has compensation.} 38. h4 {[#]} Rf4 $1 $40 {[%mdl 640] Black attacks with force.} 39. Rh1 {[#]} (39. Kxf4 Qxh4#) 39... Rd4 $1 {aiming for ...Qf7.} 40. Qb2 $2 {[%mdl 8192]} (40. Nd6 $15 Qf8 41. Kg2) 40... Qf8 {Strongly threatening ...Qf4+.Black is clearly winning.} 41. Qc1 Rd3 42. Rf1 Be3 {Precision: White = 51%, Black = 51%.} 0-1

[Event "27th CRO-chT 1A-Men 2018"]
[Site "Biograd"]
[Date "2018.09.14"]
[Round "7.6"]
[White "Rogic, Davor"]
[Black "Ivankovic, Ivo"]
[Result "1/2-1/2"]
[WhiteElo "2519"]
[BlackElo "2110"]
[Annotator "TA"]
[PlyCount "150"]
[EventDate "2018.09.08"]
[EventType "team-tourn"]
[EventCountry "CRO"]
[SourceTitle "playchess.com"]
[Source "ChessBase"]
[SourceQuality "1"]

{[%evp 23,150,53,58,40,66,55,51,50,71,58,53,52,55,25,28,10,14,11,21,8,0,-14,23,0,0,0,29,0,0,0,21,9,25,13,35,-16,0,-37,-32,-73,4,-47,-50,-76,-28,-63,-64,-66,-70,-73,-68,-70,-65,-71,-33,-43,-51,-69,-66,-75,-69,-76,-68,-78,-45,-63,-45,-43,-57,-38,14,0,0,0,31,4,16,-95,-75,-93,-105,-125,9,8,8,-150,-138,-258,-388,-325,0,-199,-8,-68,-13,-20,-20,-20,-20,-20,-20,-20,-20,-20,-9,-9,-9,-20,0,0,0,0,0,0,-8,-14,-14,-14,-14,-14,-14,-14,-14,-14,-14,-16,-16,-16,0]} 1. e4 e6 2. d4 d5 3. Nd2 dxe4 4. Nxe4 Bd7 5. Nf3 Bc6 6. Bd3 Nd7 7. O-O Ngf6 8. Ng3 Be7 9. c4 Bxf3 10. Qxf3 c6 11. b3 O-O 12. Bb2 a5 {LiveBook: 9 Partien. C10: Französische Verteidigung (Rubinstein-Variante)} (12... Qa5 13. Rfe1 Ba3 14. Bxa3 Qxa3 15. Re2 Rfd8 16. h3 Nf8 17. Ne4 Nxe4 18. Qxe4 Qd6 19. Rd1 Rd7 20. c5 {0-1 (73) Polgar,J (2680)-Gelfand,B (2758) Moscow 2009}) 13. Bc2 Qb6 14. Rab1 $146 ({Vorgänger:} 14. a3 Rad8 15. Rfe1 Rfe8 16. Rad1 Qc7 17. Bb1 Nb6 18. Nh5 Nbd7 19. Ng3 Nb6 20. h4 {½-½ (51) Zuriel,M (2193)-Al Jelda,F (1822) Khanty-Mansiysk 2010}) 14... Rfe8 {Weiß steht etwas besser.} 15. Rfe1 Nf8 16. h4 Rad8 17. Rbd1 a4 18. h5 axb3 19. axb3 h6 20. Bc3 Ra8 21. Re2 N8h7 22. Qd3 Nf8 23. Rde1 Qc7 24. Re3 Bd6 25. Qe2 Bf4 26. Rf3 Bg5 27. Rd3 Qf4 28. Nf1 Qg4 29. Rf3 (29. Qxg4 $14 Nxg4 30. Bd1) 29... Qxh5 30. Qd3 Ng6 $36 {[%mdl 2048] Schwarz hat Druck.} 31. Bd1 Qh4 (31... Bf4 $17 32. g3 Qg5) 32. g3 (32. Qc2 $11) 32... Qh3 $15 33. Nh2 Ra2 {[#]} 34. Rxf6 $1 {[%mdl 512]} Nh4 {[%csl Gh4][%cal Rh3g2]} ({Viel schwächer wäre} 34... gxf6 $6 35. Bg4 $16) (34... Bxf6 35. Bg4) 35. Qf1 Qxf1+ 36. Kxf1 Bxf6 37. gxh4 Bxh4 38. Re2 Rea8 39. Bb2 Be7 40. Nf3 Ba3 41. Bc3 Rxe2 42. Bxe2 Bd6 43. Nd2 Be7 44. Bf3 Rd8 45. b4 $1 Bf6 46. Nb3 g6 ({Lieber} 46... Ra8 $15) 47. Nc5 Ra8 48. Ke2 Ra7 49. Kd3 {[%mdl 1024] Weiss hat Kompensation.} (49. Nxb7 $5 Rxb7 50. b5 $14) 49... Be7 50. Nb3 (50. Nxb7 $11 Rxb7 51. b5) 50... Ra3 $17 51. Bd1 h5 52. c5 {[#] Mit der Idee Sa5.} g5 (52... Bd8 $1 $17 53. Kc4 h4) 53. Na5 $11 g4 $1 54. Nxb7 $2 {[#]} (54. Bb3 $1 $11) 54... f5 $1 $17 55. b5 (55. Be2 $17 h4 56. f3 (56. Na5 $2 h3 $19)) 55... cxb5 $19 {...h4 ist eine echte Drohung.} 56. Kc2 Ra8 $2 (56... h4 $19 57. Bd2 Ra2+ 58. Kc1 h3) 57. Be2 $2 (57. Kd3 $1 $11 {und Weiss muss sich keine Sorgen machen.}) 57... b4 $2 ({Günstiger ist} 57... h4 $19 58. Bxb5 h3) 58. Bxb4 (58. Bd2 $1 $11) 58... Rb8 (58... h4 $1 $15 59. Bc4 Kf7) 59. Ba6 {Die Stellung ist ausgeglichen.} h4 60. Bd2 {Schwarz muss nun c6 beachten.} g3 61. fxg3 h3 62. Bf1 $1 Rxb7 63. Bxh3 $11 {[%mdl 4096] Endspiel KTL-KL} Ra7 64. Bf4 Bd8 65. Kd3 Bc7 66. Bxc7 Rxc7 {KT-KL} 67. Kc4 Rh7 68. c6 Kf8 {Droht ...Ke7 und aus.} 69. Kc5 Ke7 $1 70. Bf1 {zielt auf c7 ab.} Rh1 71. Bc4 Rc1 72. d5 exd5 73. Kxd5 Kd8 74. Bd3 Rd1 75. Kc4 Rc1+ {Precision: Weiß = 39%, Schwarz = 47%.} 1/2-1/2

[Event "27th CRO-chT 1A-Men 2018"]
[Site "Biograd"]
[Date "2018.09.14"]
[Round "7.7"]
[White "Inarkiev, Ernesto"]
[Black "Braun, Arik"]
[Result "1/2-1/2"]
[WhiteElo "2679"]
[BlackElo "2581"]
[Annotator "TA"]
[PlyCount "108"]
[EventDate "2018.09.08"]
[EventType "team-tourn"]
[EventCountry "CRO"]
[SourceTitle "playchess.com"]
[Source "ChessBase"]
[SourceQuality "1"]

{[%evp 9,108,47,40,31,33,15,27,30,22,-21,69,68,70,57,57,30,56,54,58,24,20,14,38,26,60,39,37,53,37,24,24,31,50,5,0,0,0,0,0,0,0,0,0,0,0,0,0,0,0,0,0,0,0,-46,-56,-60,0,-25,-25,-34,-29,-29,-29,-47,-17,-24,-39,-26,0,0,0,0,0,0,0,0,0,0,0,0,0,0,0,0,0,0,0,0,0,0,0,0,0,0,0,0,0,0,0,0,0]} 1. e4 c6 2. d4 d5 3. e5 Bf5 4. h4 Qb6 5. a4 {[%cal Ba2a4,Ba4a5][%mdl 32]} h5 6. a5 {B12: Caro-Kann: Advance Variation} Qc7 7. Bd3 (7. Nf3 {keeps more tension.} e6 8. Be2 a6 9. Bg5 Nd7 10. O-O) 7... Bxd3 8. Qxd3 {Threatens to win with e6!White has an edge.} e6 9. Nf3 $146 ({Predecessor:} 9. c4 Na6 10. Nf3 Ne7 11. O-O Nf5 12. cxd5 Nb4 {1-0 (38) Safarli,E (2641)-Pantsulaia,L (2615) Nakhchivan 2015}) 9... Ne7 (9... c5 $11) 10. b4 $14 Nf5 11. c3 Nd7 12. Bf4 Rc8 13. Nbd2 b6 14. O-O Be7 15. g3 O-O 16. Rfc1 g6 17. Kh2 Qb8 18. Rcb1 Qc7 19. c4 dxc4 20. Nxc4 Rb8 21. Ne3 (21. a6 {looks sharper.} b5 22. Ne3 Nxe3 23. fxe3 Nb6 24. Qd2) 21... Nxe3 22. Qxe3 bxa5 23. bxa5 Rxb1 24. Rxb1 Rb8 25. Rxb8+ Qxb8 26. Bg5 Bf8 27. Bh6 Be7 28. Bg5 Bf8 29. Qe4 Qb5 30. Bd2 c5 31. Be3 cxd4 32. Bxd4 Bc5 (32... Nc5 $1 $15 33. Qe1 a6) 33. Qa8+ Nf8 $1 34. Qd8 $1 Bxd4 35. Nxd4 Qxe5 36. Kg2 Kg7 37. Nf3 Qc5 38. a6 e5 39. Qb8 {The position is equal.} Nd7 40. Qb7 Nf6 41. Ng5 $1 {[%cal Rg5e6]} Qd5+ 42. Kf1 Qxb7 (42... Qd1+ {with more complications.} 43. Kg2 Qd7 44. Kf1 e4 45. Ke1 Kg8) 43. axb7 $11 {[%mdl 4096] Endgame KN-KN} Nd7 44. Ke2 Kf6 45. Kd2 Ke7 46. Kc3 f6 47. Ne4 f5 48. Nc5 $1 {[%cal Rc5d7]} Nb8 49. Kc4 Kd6 50. Nd3 a6 51. f3 Nc6 {[#] ...Na5+ is the strong threat.} 52. Nc5 Nb8 53. Nd3 $1 Nc6 {And now ...Na5+ would win.} 54. Nc5 Nb8 {Precision: White = 67%, Black = 69%.} 1/2-1/2

[Event "27th CRO-chT 1A-Men 2018"]
[Site "Biograd"]
[Date "2018.09.14"]
[Round "7.8"]
[White "Georgiev, Kiril"]
[Black "Romanov, Evgeny"]
[Result "1/2-1/2"]
[WhiteElo "2590"]
[BlackElo "2611"]
[Annotator "TA"]
[PlyCount "78"]
[EventDate "2018.09.08"]
[EventType "team-tourn"]
[EventCountry "CRO"]
[SourceTitle "playchess.com"]
[Source "ChessBase"]
[SourceQuality "1"]

{[%evp 20,78,17,15,24,24,25,16,75,35,25,19,14,25,37,43,37,26,66,65,176,177,232,70,79,10,10,9,8,8,12,12,12,12,11,13,18,-22,0,0,0,0,0,0,0,0,0,0,11,-8,-8,-7,7,-10,0,0,0,-33,0,0,0]} 1. d4 d5 2. c4 e6 3. Nc3 Nf6 4. Bg5 Be7 5. e3 h6 6. Bh4 O-O 7. Nf3 Nbd7 8. Qc2 b6 9. cxd5 exd5 10. Be2 Bb7 11. O-O {LiveBook: 16 Games} a6 {D61: Queen's Gambit Declined: Classical: 7 Qc2} (11... c5 12. dxc5 bxc5 13. Rfd1 Qb6 14. Rac1 Rac8 15. Bg3 Rfd8 16. Qb3 Nf8 17. Na4 Qxb3 18. axb3 Ne4 19. Nc3 Nxg3 20. hxg3 Ne6 {½-½ (43) Molina,R (2448)-Cori Tello,J (2660) Lima 2018}) 12. Rfd1 Bd6 13. Rac1 Re8 (13... Qe8 $11) 14. a3 $146 ({Predecessor:} 14. Qb3 Qb8 15. Bd3 c5 16. dxc5 Nxc5 17. Qc2 d4 {½-½ (17) Zagorskis,D-Butnorius,A (2440) Klaipeda 1990}) 14... Qe7 15. b4 Qe6 16. Bg3 Ne4 17. Nxe4 dxe4 18. Nd2 Rec8 19. d5 Qxd5 {[#]} (19... Bxd5 $14 20. Bxd6 cxd6 21. Qxc8+ Rxc8 22. Rxc8+ Kh7) 20. Bg4 $1 $18 {[%cal Rg4d7]} f5 {[#]} (20... Nf6 {was worth a try.} 21. Nc4 (21. Bxc8 Rxc8 22. Bxd6 cxd6 $16) 21... Qb5 22. Bxc8 (22. Nxd6 cxd6 23. Bxc8 Rxc8 $18) 22... Rxc8 23. Nxd6 (23. Bxd6 cxd6 24. Rxd6 Bd5 $11) 23... cxd6) 21. Be2 $2 ({White has to play} 21. Nxe4 $1 $18 Qf7 22. Nxd6 cxd6 23. Qxf5) 21... b5 22. Nc4 (22. Nxe4 $16 Qe6 23. Nxd6 cxd6 24. Qd2) 22... Qe6 $11 23. Qd2 Bxg3 ({Avoid the trap} 23... bxc4 $2 24. Bxc4 Qxc4 25. Rxc4 $18) 24. Qxd7 Qxd7 25. Rxd7 {aiming for Na5.} Bc6 26. Rd2 {Na5 is the strong threat.} Bh4 27. Na5 Be8 28. g3 Bf6 29. Nc6 h5 30. Kg2 g6 31. h3 {[%cal Bh2h3,Bh3g4][%mdl 32]} Bf7 32. g4 hxg4 33. hxg4 Be6 34. Rc5 Kf7 35. Rdc2 Bg7 36. Na5 Ra7 37. Nc6 Raa8 38. Na5 Ra7 39. Nc6 Raa8 {Precision: White = 58%, Black = 35%.} 1/2-1/2